Mecánica vectorial para ingenieros: estática

Saved in:
Bibliografiske detaljer
Hovedforfatter: Hibbeler, Russell C (Author)
Format: Bog
Sprog:spansk
Udgivet: Ciudad de México Pearson Educación 2004
Udgivelse:10a. ed
Fag:
Tags: Tilføj Tag
Ingen Tags, Vær først til at tagge denne postø!

MARC

LEADER 00000nam a2200000 a 4500
001 UCL9869
003 CL-VaPUC
008 040827e20040000MX |||||||||||||||||spa|d
020 |a 9702605016 
082 0 4 |a 620.1  |b HIB  |2 21 
100 |a Hibbeler, Russell C  |e author  |9 591026 
245 1 0 |a Mecánica vectorial para ingenieros: estática 
250 |a 10a. ed 
300 |a 637 p 
942 |c BK 
945 |d 20040827 00:00:00  |a cmena 
260 |a Ciudad de México  |b Pearson Educación  |c 2004 
500 |a Incluye Cd-Rom 
650 0 |a Estática  |9 260452 
650 0 |a Mecánica aplicada  |9 260187 
650 0 |a Análisis vectorial   |9 260451 
583 |a last modification  |c 20121217 12:03:14  |k Rodrigo Vera 
999 |c 310509  |d 310507 
952 |0 0  |1 0  |4 0  |6 620_100000000000000_HIB_2004  |7 0  |8 A  |9 379055  |a BIBCUR  |b BIBCUR  |d 2019-11-21  |i 4056124  |o 620.1 HIB 2004  |p 4056124  |r 2025-04-22  |w 2019-11-21  |y BK  |k FIS 
952 |0 0  |1 0  |2 ddc  |4 0  |6 620_100000000000000_HIB_2004  |7 0  |8 A  |9 379056  |a BIBING  |b BIBING  |c RES  |d 2019-11-21  |i 4659740  |o 620.1 HIB 2004  |p 4659740  |r 2025-01-20  |w 2019-11-21  |y BK  |k ING 
952 |0 0  |1 0  |4 0  |6 620_100000000000000_HIB_2004  |7 0  |8 R  |9 379057  |a BIBMEC  |b BIBMEC  |d 2019-11-21  |i 4679970  |l 3  |o 620.1 HIB 2004  |p 4679970  |r 2024-01-19  |s 2022-03-14  |w 2019-11-21  |y BK_R  |k MEC